000 00414nam a2200181Ia 4500
001 2963
005 20260306144845.0
008 260306t2002||||xx |||||||||||||| ||spa||
041 _aESP
082 _a236
_bN49
100 _aNewman, John Henry
_eAUT
245 0 _aMaría páginas selectas
260 _c2002
300 _a527 páginas :
_c18 cm
650 _aGEN
654 _aCHU
942 _cLIB
_dJUS
_fJUS
_2ddc
_n
999 _c2963
_d2963